|
|
|
|
| LEADER |
00872nab a2200229 i 4500 |
| 001 |
publ28158 |
| 005 |
20230901085314.0 |
| 008 |
230901s2023 hu o 0|| Magyar d |
| 022 |
|
|
|a 1419-872X
|
| 024 |
7 |
|
|a 10.17627/ALKPSZICH.2023.1.75
|2 doi
|
| 024 |
7 |
|
|a 34120359
|2 mtmt
|
| 040 |
|
|
|a SZTE Publicatio Repozitórium
|b hun
|
| 041 |
|
|
|a Magyar
|
| 100 |
1 |
|
|a Müller Vanessa
|
| 245 |
1 |
0 |
|a Digitális eszközök okozta függőségek, kötődési mintázatok és az ADHD tüneteinek összefüggései egyetemisták körében
|h [elektronikus dokumentum] /
|c Müller Vanessa
|
| 260 |
|
|
|c 2023
|
| 300 |
|
|
|a 75-98
|
| 490 |
0 |
|
|a ALKALMAZOTT PSZICHOLÓGIA
|v 23 No. 1
|
| 650 |
|
4 |
|a Pszichológia
|
| 650 |
|
4 |
|a Oktatástudomány
|
| 700 |
0 |
1 |
|a Pikó Bettina
|e aut
|
| 856 |
4 |
0 |
|u http://publicatio.bibl.u-szeged.hu/28158/1/APA_2023_1-04-Digitalis-eszkozok-okozta-fuggosegek.pdf
|z Dokumentum-elérés
|